000
00246 a2200109 4500
003
Nust
005
20170207164750.0
040
_c
Nust
245
_a
Manto kahanian
_c
Saadat Hassan Manto
260
_a
Lahore
_b
Sang e meel publications
_c
2004
300
_a
695p
942
_2
ddc
_c
BK
999
_c
210005
_d
210005